Computers dictionary : (Record no. 610)

MARC details
000 -LEADER
fixed length control field 00599nam a2200181 a 4500
001 - CONTROL NUMBER
control field 610
005 - DATE AND TIME OF LATEST TRANSACTION
control field 20221127090001.0
008 - FIXED-LENGTH DATA ELEMENTS--GENERAL INFORMATION
fixed length control field 050920s lsu d 0|000 eng d
020 ## - INTERNATIONAL STANDARD BOOK NUMBER
International Standard Book Number 9960245071 :
Terms of availability SR40.00
035 ## - SYSTEM CONTROL NUMBER
System control number 623
082 04 - DEWEY DECIMAL CLASSIFICATION NUMBER
Classification number 004.03
Item number C738 2003
245 00 - TITLE STATEMENT
Title Computers dictionary :
Remainder of title English - Arabic /
Statement of responsibility, etc. compiled by Sorour Ali Soroue ; introduced by Abdalla Alazzaz.
260 ## - PUBLICATION, DISTRIBUTION, ETC.
Place of publication, distribution, etc. Riyadh :
Name of publisher, distributor, etc. Mars Publishing House,
Date of publication, distribution, etc. 2003.
300 ## - PHYSICAL DESCRIPTION
Extent 459 p. ;
Dimensions 24 cm.
650 #4 - SUBJECT ADDED ENTRY--TOPICAL TERM
Topical term or geographic name entry element Computer science
Form subdivision Dictionaries.
650 #4 - SUBJECT ADDED ENTRY--TOPICAL TERM
Topical term or geographic name entry element Information technology
Form subdivision Dictionaries.
700 0# - ADDED ENTRY--PERSONAL NAME
Personal name Sorour, Sorour Ali Ibrahim.
Holdings
Withdrawn status Lost status Damaged status Not for loan Home library Current library Date acquired Total Checkouts Full call number Barcode Date last seen Copy number Price effective from Koha item type
        CENTRAL CENTRAL 11/27/2022   004.03 C738 2003 1000000004757 11/27/2022 C1 11/27/2022 Reference